| 000 | 00547nam a2200193 i 4500 | ||
|---|---|---|---|
| 001 | 141604 | ||
| 003 | ES-MaACL | ||
| 005 | 20251005063116.0 | ||
| 007 | t| | ||
| 008 | 070926q19001950fr ||||1| fre d | ||
| 100 | 0 |
_aVilliers de L'Isle-Adam, Auguste, _ccomte de _9115262 |
|
| 245 | 1 | 0 |
_aContes cruels / _cComte de Villiers de L'Isle -Adam. |
| 250 | _a17e ed. | ||
| 260 |
_aParis : _bCalmann Lévy, _c[19-?] |
||
| 300 |
_a252 p. ; _c19 cm. |
||
| 852 |
_aES-MaACL _jG-8594 |
||
| 852 |
_aES-MaACL _jG-14645 |
||
| 999 |
_c141604 _d141604 |
||